|
|
|
|
| LEADER |
00000nam0a2200000 4500 |
| 001 |
111958 |
| 005 |
20231031121043.0 |
| 035 |
|
|
|a (RuTPU)RU\TPU\book\120927
|
| 090 |
|
|
|a 111958
|
| 100 |
|
|
|a 20070321d1989 km y0rusy50 ca
|
| 101 |
0 |
|
|a rus
|
| 102 |
|
|
|a RU
|
| 105 |
|
|
|a a z 001zy
|
| 200 |
1 |
|
|a Многофункциональные трансформаторы в средствах вторичного электропитания
|f Г. П. Задерей, П. Н. Заика
|
| 210 |
|
|
|a Москва
|c Радио и связь
|d 1989
|
| 215 |
|
|
|a 176 с.
|c ил.
|
| 320 |
|
|
|a Библиогр.: с. 173-174.
|
| 610 |
1 |
|
|a электротехника
|
| 610 |
1 |
|
|a электропитание
|
| 610 |
1 |
|
|a электропитающие установки
|
| 610 |
1 |
|
|a трансформаторы
|
| 610 |
1 |
|
|a многофункциональные преобразователи
|
| 610 |
1 |
|
|a вторичное электропитание
|
| 675 |
|
|
|a 621.311.6
|v 3
|
| 700 |
|
1 |
|a Задерей
|b Г. П.
|g Геннадий Пантелеймонович
|
| 701 |
|
1 |
|a Заика
|b П. Н.
|g Петр Никанорович
|
| 801 |
|
1 |
|a RU
|b 63413507
|c 20070321
|g PSBO
|
| 801 |
|
2 |
|a RU
|b 63413507
|c 20080204
|g PSBO
|
| 942 |
|
|
|c BK
|